header

Application of stable lead isotope Pb-208 in nuclear power engineering and its acquisition techniques (Record no. 5119)

MARC details
000 -LEADER
fixed length control field 01354nam a2200325Ia 4500
082 04 - DEWEY DECIMAL CLASSIFICATION NUMBER
Classification number 621.48/33
245 00 - TITLE STATEMENT
Title Application of stable lead isotope Pb-208 in nuclear power engineering and its acquisition techniques
260 ## - PUBLICATION, DISTRIBUTION, ETC. (IMPRINT)
Place of publication New York. :
Name of publisher Nova Publishers,
Year of publication c2013.
300 ## - PHYSICAL DESCRIPTION
Number of Pages x, 184 p. :
Other physical details ill.
490 0# - SERIES STATEMENT
Series statement Nuclear materials and disaster research
650 #0 - SUBJECT ADDED ENTRY--TOPICAL TERM
Topical Term Nuclear engineering
Topical Term Nuclear power plants
Topical Term Lead
700 1# - ADDED ENTRY--PERSONAL NAME
Personal name Khorasanov, Georgy Levanovich.
856 40 - ELECTRONIC LOCATION AND ACCESS
Uniform Resource Identifier http://site.ebrary.com/lib/rucke/Doc?id=10704270

No items available.

© 2026 Rongo University
Contact us: librarian | system librarian | Rongo university